Polscy muzycy jazzowi po zdjęciu - Statystyki

Ogólne statystyki
  • Ten quiz został rozwiązany 10 razy
  • Średni wynik to 8 z 16
Statystyki odpowiedzi
Obrazkowy Odpowiedź % Poprawnych
Ewa Bem
90%
Tomasz Stańko
90%
Krzysztof "Komeda" Trzciński
80%
Michał Urbaniak
80%
Andrzej Dąbrowski
60%
Andrzej Trzaskowski
60%
Jan "Ptaszyn" Wróblewski
60%
Jarosław Śmietana
40%
Jerzy "Duduś" Matuszkiewicz
40%
Mieczysław Kosz
40%
Zbigniew Namysłowski
40%
Czesław "Mały" Bartkowski
30%
Jerzy Milian
30%
Krzysztof Ścierański
30%
Roman "Gucio" Dyląg
30%
Andrzej Kurylewicz
20%
Nie znaleziono quizów pasujących do podanych kryteriów
Rozkład punktacji
Procent ludzi z każdym wynikiem
Percentyl według liczby udzielonych odpowiedzi
Twoja historia wyników
Nie rozwiązałeś tego quizu